Star Trek Series Sorting Gallery Quiz Stats

 Plays Quiz Updated Jul 6, 2017

Support Sporcle.
Go Orange.
Score 0/36 Timer 07:00
0 Plays Today
% Correct
Kirk
91.8%
Spock
89.8%
McCoy
87.2%
Scotty
84.2%
Sulu
83.2%
Chekov
83.1%
Picard
81.1%
Data
78.7%
Uhura
78.6%
Beverly Crusher
76.7%
Deanna Troi
73.5%
Riker
72%
Janeway
70.9%
Benjamin Sisko
70.6%
Geordi
67.6%
Worf
67.4%
Chakotay
63.8%
Archer
62.1%
% Correct
Bashir
57.7%
Jadzia Dax
56.2%
B'Elanna
55.4%
Neelix
54.7%
Quark
54.2%
Odo
53.2%
Tuvok
51.3%
O'Brien
50.6%
T'Pol
50.1%
Paris
50%
The Doctor (Emergency Medical Hologram)
48.3%
Trip
47.6%
Harry
47.4%
Hoshi
47.3%
Travis
45.1%
Kira
44.3%
Malcolm
42.9%
Phlox
42.7%

You're not logged in!

Compare scores with friends on all Sporcle quizzes.
OR
Log In
Forgot?

From the Vault

Opening Lyrics VI

by snoogerbib

There is at least one particular song on this list that will get stuck in your head. Guaranteed.
Remove Ads.
Support Sporcle.
Get the best of Sporcle when you Go Orange. This ad-free experience offers more features, more stats, and more fun while also helping to support Sporcle. Thank you for becoming a member.

Show Comments

Extras

Top Quizzes Today


Score Distribution

Your Account Isn't Verified!

In order to create a playlist on Sporcle, you need to verify the email address you used during registration. Go to your Sporcle Settings to finish the process.

Report this User

Report this user for behavior that violates our Community Guidelines.

Details: